Central Library OPAC University of Rajshahi

Inquiries into the nature of law and morals / (Record no. 30224)

MARC details
000 -LEADER
fixed length control field 01043cam a22003251 4500
001 - CONTROL NUMBER
control field 30224
003 - CONTROL NUMBER IDENTIFIER
rucl marc code BD-RjUL
005 - DATE AND TIME OF LATEST TRANSACTION
control field 20211209051531.0
008 - FIXED-LENGTH DATA ELEMENTS--GENERAL INFORMATION
fixed length control field 140409s1953 st a 001 0 eng d
035 ## - SYSTEM CONTROL NUMBER
System control number (BD-RjUL) 30309
System control number (OCoLC)1658494
040 ## - CATALOGING SOURCE
Original cataloging agency DLC
Transcribing agency NNCU-G
Modifying agency DLC
-- BD-RjUL
Language of cataloging eng
041 ## - LANGUAGE CODE
Language code of text/sound track or separate title eng
051 ## - LIBRARY OF CONGRESS COPY, ISSUE, OFFPRINT STATEMENT
Classification number K230.H334
Item number A35 1953
082 00 - DEWEY DECIMAL CLASSIFICATION NUMBER
Classification number 170
Author mark and year HAI 1953
100 1# - MAIN ENTRY--PERSONAL NAME
Personal name Hägerström, Axel,
Dates associated with a name 1868-1939.
9 (RLIN) 91875
245 10 - TITLE STATEMENT
Title Inquiries into the nature of law and morals /
Statement of responsibility, etc. Axel Hägerström
260 ## - PUBLICATION, DISTRIBUTION, ETC. (IMPRINT)
Place of publication, distribution, etc. Uppsala :
Name of publisher, distributor, etc. Almqvist & Wiksells boktr.
Date of publication, distribution, etc. 1953.
300 ## - PHYSICAL DESCRIPTION
Pagination 377 p.;
Size 24 cm.
490 1# - SERIES STATEMENT
Series statement Skrifter utg. av K. Humanistiska vetenskapssamfundet i Uppsala,
Volume/sequential designation 40
500 ## - GENERAL NOTE
General note Translated by C. D. Broad.
504 ## - BIBLIOGRAPHY, ETC. NOTE
Bibliography, etc Includes Index
650 #0 - SUBJECT ADDED ENTRY--TOPICAL TERM
Topical term or geographic name as entry element Law
General subdivision Philosophy.
9 (RLIN) 91876
Topical term or geographic name as entry element Jurisprudence.
9 (RLIN) 91877
830 #0 - SERIES ADDED ENTRY--UNIFORM TITLE
Volume number/sequential designation 40.
Uniform title Skrifter utgivna av K. Humanistiska vetenskapssamfundet i Uppsala ;
942 ## - ADDED ENTRY ELEMENTS (KOHA)
Source of classification or shelving scheme Dewey Decimal Classification
Koha item type Books
Holdings
Lost status Source of classification or shelving scheme Damaged status Not for loan Collection code Permanent Location Current Location Shelving location Date acquired Source of acquisition Cost, normal purchase price Total Checkouts Full call number Date last seen Copy number Koha item type
  Dewey Decimal Classification   Not For Loan Non-fiction Central Library, University of Rajshahi Central Library, University of Rajshahi Reading Room 07/03/1963 Zeitlinger 45.00   170 HAI 1953 09/04/2014 C-1 Books